| 000 | 00838nam a22002057a 4500 | ||
|---|---|---|---|
| 003 | JO-AjAnu | ||
| 005 | 20250930084423.0 | ||
| 008 | 250928b jo ||||| |||| 00| 0 ara d | ||
| 020 | _a978-9957-428-17-9 | ||
| 022 | _a2692/10/2006 | ||
| 040 |
_aANU _cJO-AjAnu |
||
| 041 | _hARA | ||
| 100 |
_aدرادكة، صالح موسى _eمؤلف _941020 |
||
| 245 |
_aطرق الحج الشامي في العصور الاسلامية : (الطرق في شرق الأردن خاصة) / _cصالح موسى درادكة |
||
| 260 |
_aعمان : _bالجنة العليا لكتابة تاريخ الأردن، _c 2007 |
||
| 300 | _a496 صفحة | ||
| 490 | _aسلسلة منشورات اللجنة العليا لكتابة تاريخ الأردن | ||
| 650 | _vالحج-الأردن-وصف ورحلات-السعودية | ||
| 942 |
_2lcc _cBK _n0 |
||
| 999 |
_c34007 _d34007 |
||